Il libro dello sport /
Sábháilte in:
| Príomhchruthaitheoir: | |
|---|---|
| Formáid: | LEABHAR |
| Teanga: | Iodáilis |
| Foilsithe / Cruthaithe: |
Roma ; Milano :
Libreria del Littorio,
1928
|
| Ábhair: | |
| Clibeanna: |
Níl clibeanna ann, Bí ar an gcéad duine le clib a chur leis an taifead seo!
|
MARC
| LEADER | 00000nam a2200000 i 4500 | ||
|---|---|---|---|
| 001 | IT\ICCU\RAV\0169319 | ||
| 003 | ItRI | ||
| 005 | 20260115232318.0 | ||
| 008 | 911206s1928 it |||||| ||||| |||||c | ||
| 040 | |b ita |c importazione bologna sebina | ||
| 041 | 7 | |a ita |2 ISO-639-2 | |
| 082 | |a 796.0945 |9 SPORT E GIOCHI ATLETICI E ALL'APERTO. Italia |2 19 | ||
| 100 | 1 | |a Ferretti, Lando |0 IT\ICCU\RAVV\034996 |4 aut | |
| 245 | 1 | 3 | |a Il libro dello sport / |c Lando Ferretti. |
| 260 | |a Roma ; |a Milano : |b Libreria del Littorio, |c 1928 | ||
| 300 | |a 295 p., [14] p.di tav. : |b ill. ; |c 18 cm | ||
| 650 | 7 | |a Sport |x Storia | |
| 650 | 7 | |a Sport |x Italia |x 1900-1930 |2 scbi | |
| 942 | |2 ddc |c BK |n 0 | ||
| 952 | |0 0 |1 0 |4 0 |6 DOC_796_094000000000000_FER |7 0 |9 24005 |a BO |b BO |d 2026-01-15 |i 9806 |l 0 |o DOC 796.094 FER |p BO9806 |r 2026-01-15 23:23:18 |w 2026-01-15 |x [Sebina 7] [1 v.] |y BK |z 1 v. | ||
| 999 | |c 20438 |d 20438 | ||